000 00346 a2200157 4500
001 73620
020 _a
040 _cAnchieta - Colégio São Paulo
100 _aFonseca, João Justiniano da
240 1 0 _aTerra inundada
_lpor
245 1 0 _aTerra inundada
300 _a180
362 0 _a1986
650 4 _aFicção brasileira
942 _cBK
999 _c73620
_d73620